000 00693nam a2200241Ia 4500
003 OSt
005 20221007082003.0
006 a|||||r|||| 00| 0
007 ta
008 221006b |||||||| |||| 00| 0 eng d
020 _a9024725852
024 _a17,931
037 _cTextual
040 _aFLL
_cFLL
_beng
041 _2eng
_aeng
082 _aY150aV1:5, M2
100 _aKhushalani Yougindra
_9698449
245 0 _aDignity and honour of women as basic and fundamental human rights
260 _aThe Hague
_bMartinus Nijhoff Publishers The
_c1982
300 _a153p
_ccm.
942 _hY150aV1:5, M2
_cTEXL
_2CC
999 _c1164960
_d1164960